Vstup Slovenska do Európskej únie
Z obsahu: Slovensko sa iba ťažko dostane do prvej skupiny kandidátov na vstup do Európskej únie do konca tohto roka. E. Kuchár: Posudok SR je pozitívny, lebo kritizované oblasti nie sú spojené s potrebou hlbokých štrukturálnych zmien. Ch. Bourgin: Slovensko musí splniť aj politické kritériá.
Enregistré dans:
| Auteur principal: | |
|---|---|
| Autres auteurs: | |
| Format: | Chapitre de livre |
| Langue: | slovaque |
| Sujets: | |
| Tags: |
Pas de tags, Soyez le premier à ajouter un tag!
|
MARC
| LEADER | 00000naa a2200000 4500 | ||
|---|---|---|---|
| 001 | r031376 | ||
| 005 | 20230921083229.9 | ||
| 041 | 0 | |a slo | |
| 044 | |a SK | ||
| 245 | 1 | 0 | |a Vstup Slovenska do Európskej únie |c Izabela Nagyová, Robert Hajšel |
| 520 | |a Z obsahu: Slovensko sa iba ťažko dostane do prvej skupiny kandidátov na vstup do Európskej únie do konca tohto roka. E. Kuchár: Posudok SR je pozitívny, lebo kritizované oblasti nie sú spojené s potrebou hlbokých štrukturálnych zmien. Ch. Bourgin: Slovensko musí splniť aj politické kritériá. | ||
| 610 | 2 | 0 | |a integrácia ekonomická medzinárodná |
| 610 | 2 | 0 | |a vývoj hospodársky |
| 610 | 2 | 0 | |a politika vnútorná |
| 610 | 2 | 0 | |a demokracia |
| 610 | 2 | 0 | |a voľby |
| 610 | 2 | 0 | |a Slovensko |
| 610 | 2 | 0 | |a Európska únia |
| 100 | 1 | |a Nagyová, Izabela | |
| 700 | 1 | |a Hajšel, Robert | |